<La> flexibilite du marche du travail Nouvelles tendances dans l'entreprise

Salvato in:
Dettagli Bibliografici
Natura: Libro
Lingua:francese
Pubblicazione: Paris Organisation de coopération et de Développement Économiques 1989
Edizione:1. éd.
Tags: Aggiungi Tag
Nessun Tag, puoi essere il primo ad aggiungerne!!

MARC

LEADER 00000nam a2200000 4500
001 c031806
005 20221215125946.1
041 0 |a fre 
044 |a FR 
245 1 0 |a <La> flexibilite du marche du travail  |b Nouvelles tendances dans l'entreprise 
250 |a 1. éd. 
264 1 |a Paris  |b Organisation de coopération et de Développement Économiques  |c 1989 
300 |a 79 s.